000 00476nam a2200157Ia 4500
008 210716s2015 xx 000 0 und d
020 _a9788126555468
041 _aeng
082 _a658.406 CHIJ
100 _aChild, John.
245 _aOrganization: contemporary principles and practice.
_bContemporary principles and practice.
250 _a2
260 _aNew Delhi
_bWiley Dreamtech Pvt Ltd
_c2015
300 _axi,523
650 _aOrganizational Development & Change
999 _c209961
_d209961